LEADER 01216nam a2200301 i 4500 001 000000153429 003 CaOOAMICUS 005 20060922000000.0 008 060922s1991 it u000 u ita u 013 $a130771 020 $a88-241-0242-5 040 $aSeMil$bita 100 1 $aStephens, James <1882-1950>.$0(OLS)http://semarc/name/93559 240 10$aEtched in moonlight.$0(OLS)http://semarc/title/408766 245 10$aInciso in un raggio di luna /$cJames Stephens ; a cura di Ottavio Fatica. 260 $aRoma ; Napoli :$bTheoria,$c1991. 300 $a132 p. ;$c22 cm. 490 0 $aBiblioteca di letteratura fantastica ;$v8 500 $aFondo Ciprandi. 700 1 $aFatica, Ottavio.$0(OLS)http://semarc/name/55417 830 0$aBiblioteca di letteratura fantastica ;$v8.$0(OLS)http://semarc/title/21712 850 $aSeMil 852 $aSeMil$W1$xVenegono$y1$m1V IV 135$j105370$B105370$CSeMilBibl$Z2$F114591 $81 941 1 $a1 961 $aOmaggio: Ciprandi dott. Paolo 996 $6020$a88-241-0242-5$9(OLS)http://semarc/number/143259 996 $6245$aInciso in un raggio di luna$9(OLS)http://semarc/title/224498 996 $6260$aRoma ; Napoli :$bTheoria$9(OLS)http://semarc/publisher/33970 LEADER 01015nam a2200229 i 4500 001 000000073073 003 CaOOAMICUS 005 20250909102539.0 008 090511s1961 it u000 u ita u 013 $a44245 040 $aSeMil$bita 100 1 $aSinistrero, Vincenzo.$0(OLS)http://semarc/name/20605 245 13$aLa scuola cattolica :$bdiritti e cifre /$cVincenzo Sinistrero ; presentazione di S. E. Card. G. Siri. 260 $aTorino :$bSocietà Editrice Internazionale,$c1961. 300 $aVIII, 151 p. ;$c24 cm. 650 4$aScuola cattolica - Italia - Legislazione.$0(OLS)http://semarc/subject/14810 700 1 $aSiri, Giuseppe,$c.$0(OLS)http://semarc/name/1364 850 $aSeMil 852 $aSeMil$W1$xVenegono$y1$m2Q III 343$j39226$B39226$CSeMilBibl$Z2$F39229 $81 996 $6245$aLa scuola cattolica :$bdiritti e cifre$9(OLS)http://semarc/title/117962 996 $6260$aTorino :$bSocietà Editrice Internazionale$9(OLS)http://semarc/publisher/29847